| 000 | 00726nam a22002657a 4500 | ||
|---|---|---|---|
| 001 | 000210 | ||
| 003 | DO-SdBNP | ||
| 005 | 20180307120018.0 | ||
| 007 | 000210 | ||
| 008 | 151210b 2000 sp a 00| 0 spa d | ||
| 020 | _a8434862956 | ||
| 040 |
_aBPMSU _bspa _cBPMSU |
||
| 092 |
_axxxx _bxxxx |
||
| 100 | 1 | _aSarto, Montserrat | |
| 245 | 1 | 0 |
_aAnimación a la lectura / _bcon nuevas estrategias _cMontserrat Sarto ; prólogo José Antonio Marina |
| 250 | _a2a. ed. | ||
| 260 |
_aMadrid ; _bSM, _c2000. |
||
| 300 |
_a219 p.; _c28 cm. |
||
| 504 | _aBibliografía p: 215 | ||
| 700 | 1 | 2 |
_aMarina, José Antonio _eprol. |
| 910 | _a00144 | ||
| 942 |
_2ddc _cBK |
||
| 945 | _ainventariado, 2018 / dg | ||
| 956 |
_aYngrid Lockward _b10 |
||
| 999 |
_c9440 _d9440 |
||